Výskum v oblasti materiálového zhodnotenia papierenského kalu

Na minha lista:
Detalhes bibliográficos
Autor principal: Dubcová, Lucia (Author)
Outros Autores: Matúš, Miloš (Thesis advisor)
Formato: Manuscrito Livro
Idioma:eslovaco
Publicado em: 2016
Assuntos:
Acesso em linha:http://is.stuba.sk/zp/portal_zp.pl?podrobnosti=133512
Tags: Adicionar Tag
Sem tags, seja o primeiro a adicionar uma tag!

MARC

LEADER 00000ntm a22000003a 4500
001 stuzp59242
003 SK-STU
005 20160719155814.0
007 ta
008 150427s2015----xo-----f-mn---000-0-slo-d
040 |a STU  |b slo 
041 0 |a slo 
100 1 |a Dubcová, Lucia  |u 020070  |4 aut  |U SjF Strojnícka fakulta  |T SjF Ústav výrobných systémov, enviromentálnej techniky a manažment kvality  |X 77547  |U J0070  |Y 804  |7 77547 
242 0 1 |a Research in material recovery paper of sludge  |y eng 
245 1 0 |a Výskum v oblasti materiálového zhodnotenia papierenského kalu 
260 |c 2016 
650 4 |a papierenský kal  |2 slo 
650 4 |a sadrokartónové dosky  |2 slo 
650 4 |a papierenský priemysel  |2 slo 
650 4 |a paper mill sludge  |2 eng 
650 4 |a plasterboards  |2 eng 
650 4 |a paper industry  |2 eng 
700 1 |a Matúš, Miloš  |u 020070  |k Z2  |4 ths  |U SjF Strojnícka fakulta  |T SjF Ústav výrobných systémov, enviromentálnej techniky a manažment kvality  |X 21762  |U J0070  |Y 804  |7 21762 
856 4 |u http://is.stuba.sk/zp/portal_zp.pl?podrobnosti=133512 
996 |b 284J043985  |c J* 2275/DP  |l JJSK  |s A  |a 24  |w stuzp59242_0001 
SQL |a stuzp59242  |b DDP  |c SLO  |d Výskum v oblasti materiálového zhodnotenia papierenského kalu  |e 77547  |f Dubcová, Lucia  |g 020070  |h 21762  |i Matúš, Miloš  |j 20160616  |k 1326  |l 02  |m http://is.stuba.sk/zp/portal_zp.pl?podrobnosti=133512  |n I-EVT  |o 5.2.50. výrobná technika